Clickable Simpsons Quotes Quiz Stats

Quiz Updated Aug 25, 2016

Also try: The Simpsons A-Z
Challenge
Share
Tweet
Embed
Score 0/28 Timer 07:00
0 Plays Today
% Correct
Bart Simpson
90.6%
Ned Flanders
89.9%
Krusty the Clown
89.3%
Nelson Muntz
89.2%
Chief Clancy Wiggum
89%
Homer Simpson
88.1%
Troy McClure
87.6%
Todd Flanders
86.3%
Mrs. Edna Krabappel
85.6%
Dr. Nick Riviera
84.4%
Abe Simpson
78.3%
Professor John Frink
77.7%
Ralph Wiggum
77.1%
Kodos Johnson
76.1%
% Correct
Lisa Simpson
75.8%
Arnie Pye
73.5%
Principal Seymour Skinner
73.1%
Milhouse Van Houten
72.9%
Barney Gumble
71%
Jasper Beardley
69.5%
Patty Bouvier
65.6%
C. Montgomery Burns
63.8%
Apu Nahasapeemapetilon
59.8%
Marge Simpson
57.4%
Comic Book Guy
53.9%
Sideshow Bob
41.2%
Waylon Smithers
38.9%
Moe Szyslak
38.7%

You're not logged in!

Compare scores with friends on all Sporcle quizzes.
Sign Up with Email
OR
Log In

You Might Also Like...

Show Comments

Extras

Top Quizzes Today


Score Distribution

Your Account Isn't Verified!

In order to create a playlist on Sporcle, you need to verify the email address you used during registration. Go to your Sporcle Settings to finish the process.